Matrix theory (Record no. 6187)

MARC details
000 -LEADER
fixed length control field 00708nam a2200205Ia 4500
008 - FIXED-LENGTH DATA ELEMENTS--GENERAL INFORMATION
fixed length control field 191130s2000##################000#0#eng##
020 ## - INTERNATIONAL STANDARD BOOK NUMBER
International Standard Book Number 9780486411798
022 ## - INTERNATIONAL STANDARD SERIAL NUMBER
International Standard Serial Number 99058316
040 ## - CATALOGING SOURCE
Original cataloging agency ACL
Transcribing agency ACL
082 ## - DEWEY DECIMAL CLASSIFICATION NUMBER
Classification number 512.9434 FRA
100 ## - MAIN ENTRY--PERSONAL NAME
Personal name Franklin, Joel N
245 ## - TITLE STATEMENT
Title Matrix theory
Statement of responsibility, etc. Joel N. Franklin
260 ## - PUBLICATION, DISTRIBUTION, ETC.
Place of publication, distribution, etc. Mineola, NY
Name of publisher, distributor, etc. Dover Publications
Date of publication, distribution, etc. 2000
300 ## - PHYSICAL DESCRIPTION
Extent xii, 292 p. : ill. ; 22 cm
500 ## - GENERAL NOTE
General note Originally published: Englewood Cliffs, N.J. : Prentice-Hall, 1968, in series: Prentice-Hall series in applied mathematics. Includes bibliographical references and index
650 ## - SUBJECT ADDED ENTRY--TOPICAL TERM
Topical term or geographic name entry element Matrices
990 ## - EQUIVALENCES OR CROSS-REFERENCES [LOCAL, CANADA]
Link information for 9XX fields 666ad8c0ac10000c052f6a2a6d62af3c
991 ## -
-- 180198
Holdings
Withdrawn status Lost status Materials specified (bound volume or other part) Damaged status Not for loan Home library Current library Shelving location Date acquired Total Checkouts Full call number Barcode Date last seen Price effective from Koha item type
    pbk     Anna Centenary Library Anna Centenary Library 5TH FLOOR, A WING 09.10.2020   512.9434 FRA 386040 09.10.2020 09.10.2020 English Books
    pbk     Anna Centenary Library Anna Centenary Library 5TH FLOOR, A WING 09.10.2020   512.9434 FRA 386041 09.10.2020 09.10.2020 English Books

Find us on the map